Jednotné pravidlá v oblasti ochrany osobných údajov - GDPR

Všeobecné nariadenie o ochrane osobných údajov GDPR (The General Data Protection Regulation) predstavuje právny nástroj, ktrorého cieľom je v priestore Európskej únie posilniť ochranu súkromia Európanov v čase, keď sa osobnú údaje stávajú pre rôzne firmy tou najcennejšou komoditou. Ilustračné príkla...

Description complète

Enregistré dans:
Détails bibliographiques
Auteur principal: Lipovská Lišková, Ľudmila
Format: Chapitre de livre
Langue:slovaque
Sujets:
Tags: Ajouter un tag
Pas de tags, Soyez le premier à ajouter un tag!

MARC

LEADER 00000naa a2200000 4500
001 0248974
005 20240426090324.6
041 0 |a slo 
044 |a SK 
245 1 0 |a Jednotné pravidlá v oblasti ochrany osobných údajov - GDPR  |c Ľudmila Lipovská Lišková 
520 |a Všeobecné nariadenie o ochrane osobných údajov GDPR (The General Data Protection Regulation) predstavuje právny nástroj, ktrorého cieľom je v priestore Európskej únie posilniť ochranu súkromia Európanov v čase, keď sa osobnú údaje stávajú pre rôzne firmy tou najcennejšou komoditou. Ilustračné príklady. 
610 2 0 |a ochrana dát 
610 2 0 |a regulácia 
610 2 0 |a ochrana informácií 
610 2 0 |a ochrana údajov osobných 
610 2 0 |a GDPR 
610 2 0 |a Európska únia 
100 1 |a Lipovská Lišková, Ľudmila